00275nam a2200121Ia 4500008004100000082001300041100002000054245002600074250000800100260002800108300000900136650000800145191201s2005 xx 000 0 und d a657bGUM aGUPTA, Shashi K 0aManagement Accounting aRep aN. Delhibkalyanic2005 aMISC aMBA